000 00308 a2200121 4500
001 32873
082 _a670.4272 MOR
090 _c22040
_d22040
100 _aMorriss,S.B
245 _aInstructor's Manual for Automated Manufacturing Systems
260 _aNY
_bGlencoe,McGraw-Hill
_c1995
300 _a40P.
942 _aNUST-CAE
_k670.4272 MOR
999 _c267946
_d267946